English Football Club Badges #4 - Statistics

General Stats
  • This quiz has been taken 2,137 times
    1,265 since last reset
  • The average score is 12 of 16
Answer Stats
Picture Answer % Correct
Arsenal
99%
Bournemouth
92%
Crystal Palace
92%
Blackburn Rovers
90%
Luton Town
87%
Bolton Wanderers
83%
Bristol City
83%
Wimbledon
82%
Coventry City
78%
Huddersfield Town
74%
Lincoln City
71%
Forest Green Rovers
69%
Blackpool
67%
Peterborough United
50%
Accrington Stanley
47%
Stockport County
40%
No matching quizzes found
Score Distribution
Percent of People with Each Score
Percentile by Number Answered
Your Score History
You have not taken this quiz since the last reset